000 00429pab a2200157 454500
008 180718b2007 xxu||||| |||| 00| 0 eng d
100 _aSodhi, Inderjeet Singh
245 _aRole of civil society in the governance of democratic government-issues and challenges
260 _c2007
300 _ap.1-14.
362 _aApr-Jun
650 _aCivil society
773 _aManagement in Government
908 _aN
909 _a75451
999 _c75451
_d75451